Регионална библиотека "Любен Каравелов" - Русе

Изгубеният дневник на Дон Жуан (Запис номер 70835)

MARC детайли
000 -Лидер
Контролно поле с фиксирана дължина 01376nam a2200337 c 4500
003 - Код на организацията, давaща контролен номер
Контролно поле BLK
005 - Дата и час на последна редакция
Контролно поле 20231124174547.0
008 - Елементи от данни с фиксирана дължина
fixed length control field 180408b bul|||||r ||||||| ||bul||
010 ## - Наследен системен номер
LC control number KNG00075198000
020 ## - Международен стандартен номер на книга ISBN
Международен стандартен номер на книга ISBN 978-954-585-777-5
-- издат.: Бард
040 ## - Източник на каталожния запис
Идентификатор на билиотеката - собственик на записа BLK
041 ## - Код за език
Код за езика на текст/звукозапис или на отделно заглавие Български
Код за езика КДБФ Български
080 ## - УДК
Текстов определител УДК Американска литература (на САЩ)
УДК код - определител по УДК 821.111(73)
УДК определител -31
УДК - код + определител 821.111(73)-31
100 1# - Редна дума - Автор
Автор Ейбрамс, Дъглас Карлтън
Авторска отговорност първи автор
R(LIN) 295140
139 ## - Редно поле
Редна дума Ейбрамс, Дъглас Карлтън
Авторски знак Еи - Е 39
245 10 - Сведения за заглавието
Заглавие Изгубеният дневник на Дон Жуан
Редно поле (дума) Дъглас Карлтън Ейбрамс; прев. Диана Кутева; прев. Стамен Стойчев.
257 ## - Страна на издаване
Страна на създаване/издаване Съединени американски щати
260 ## - Област на издателските данни
-- София
Име на издателя, разпространителя и проч. Бард
Година на издаване 2007
300 ## - Физическа характеристика
Страници 400 с.
Размери/Мащаб 20 см
380 ## - Жанр
Жанр Худож. лит.
500 ## - Общи забележки
Забележка Ориг. загл. The Lost Diary of Don Juan / Douglas Carlton Abrams. - Офс. изд. - Съдържа и За автора.
653 ## - Ключова дума – ненормативна
Ключова дума романи
700 1# - Други автори (авторска отговорност)
Лично име Кутева, Диана
Автороска отговорност (Описва отношението между автора и произведението) прев.
9 (RLIN) 364219
700 1# - Други автори (авторска отговорност)
Лично име Стойчев, Стамен
Автороска отговорност (Описва отношението между автора и произведението) прев.
9 (RLIN) 364220
852 ## - Местоположение
Форматна сигнатура Цб 234003
856 4# - Електронен адрес и достъп
Електронен формат pdf - файл
Път до файла /url/
856 4# - Електронен адрес и достъп
Електронен формат pdf - файл
Път до файла /url/
942 ## - АРТИКУЛИ
Вид на библиотечния материал Книги
Скрит в OPAC Не
Koha issues (borrowed), all copies 4
944 ## - СЪЗДАВАНЕ И РЕДАКЦИЯ на ЗАПИСА
Създаване/Редакция Създаване
Дата на регистрацията/редакция 21.05.2007
Статус, дата на статуса Минев Младен
Служител, извършил регистрацията/редакцията 30530
944 ## - СЪЗДАВАНЕ И РЕДАКЦИЯ на ЗАПИСА
Създаване/Редакция Редакция
Дата на регистрацията/редакция 24.03.2014
Статус, дата на статуса ф /
Служител, извършил регистрацията/редакцията
999 ## - СИСТЕМНИ КОНТРОЛНИ НОМЕРА
Koha biblionumber 70835
Koha biblioitemnumber 70835
Наличности
Код за отписване Код за изгубен артикул Код за повреда Коз за рестрикции Код за отдаване Артикулен № Име на библиотеката - собственик Име на библиотеката, в която се намира в момента Статус (Текущо местоположение) Дата на вписване в системата Местоположение - отдел Цена в лева Инвентарен номер Систематично азбучна сигнатура Баркод Номер на екземпляра Цена в евро Служебна бележка Служебен тип на артикула Източник на класификационната схема
  Не е изгубен Не е повреден без рестрикции заемане за дома 115601 Регионална библиотека "Любен Каравелов" Русе Регионална библиотека "Любен Каравелов" Русе Заемна - подръчен фонд 2007-05-21 Заемна - подръчен фонд 9.99 120000713738 П 820(73)-31/Е 39 120000713738 1 5.11 Дост: Pk Вид: Ф N: 139 Дата: 09.05.2007 Дата инв: 15.02.2018 Бележки инв: П2018 Книги  
  Не е изгубен Не е повреден без рестрикции ползва се в читалня 115602 Регионална библиотека "Любен Каравелов" Русе Регионална библиотека "Любен Каравелов" Русе Хранилище 2007-11-28 Хранилище 9.99 120000720490 Цб 234003 120000720490 2 5.11 Дост: Dp Вид: Д N: 36 Дата: 16.08.2007 Книги  
Изтеглен Не е изгубен Не е повреден без рестрикции заемане за дома 115603 Регионална библиотека "Любен Каравелов" Русе Регионална библиотека "Любен Каравелов" Русе Заемна - подръчен фонд 2014-02-07 Заемна - подръчен фонд 9.99 120000774222 П 820(73)-31/Е 39 120000774222 3 5.11 Дост: DA Вид: А N: 3 Дата: 07.02.2014 Дата инв: 15.02.2018 Бележки инв: П2018 Книги Universal Decimal Classification
Vip Innovations Ltd, Rousse, Bulgaria 2025